All Returning Pokémon Introduced in the Crown Tundra DLC - Statistics

General Stats
  • This quiz has been taken 26 times
  • The average score is 84 of 132
Answer Stats
Gen Answer % Correct
3 Absol
83%
8 Calyrex
83%
1 Dragonite
83%
8 Glastrier
83%
8 Spectrier
83%
6 Amaura
75%
1 Articuno
75%
6 Aurorus
75%
3 Bagon
75%
3 Beldum
75%
5 Cryogonal
75%
1 Dragonair
75%
1 Dratini
75%
2 Entei
75%
2 Ho-Oh
75%
2 Lugia
75%
3 Metang
75%
1 Moltres
75%
3 Regice
75%
8 Regidrago
75%
8 Regieleki
75%
4 Regigigas
75%
3 Regirock
75%
3 Registeel
75%
3 Salamence
75%
3 Shelgon
75%
1 Zapdos
75%
1 Aerodactyl
67%
4 Azelf
67%
7 Blacephalon
67%
7 Buzzwole
67%
7 Celesteela
67%
5 Cobalion
67%
7 Cosmoem
67%
7 Cosmog
67%
4 Cresselia
67%
4 Dialga
67%
1 Electabuzz
67%
4 Electivire
67%
2 Elekid
67%
4 Giratina
67%
7 Guzzlord
67%
4 Heatran
67%
1 Kabuto
67%
1 Kabutops
67%
7 Kartana
67%
5 Keldeo
67%
5 Kyurem
67%
5 Landorus
67%
3 Latias
67%
3 Latios
67%
7 Lunala
67%
2 Magby
67%
1 Magmar
67%
4 Magmortar
67%
4 Mesprit
67%
3 Metagross
67%
1 Mewtwo
67%
7 Naganadel
67%
1 Nidoking
67%
1 Nidoqueen
67%
1 Nidoran
67%
1 Nidorina
67%
1 Nidorino
67%
7 Nihilego
67%
1 Omanyte
67%
1 Omastar
67%
4 Palkia
67%
7 Pheromosa
67%
7 Poipole
67%
2 Raikou
67%
5 Reshiram
67%
3 Sealeo
67%
7 Solgaleo
67%
3 Spheal
67%
7 Stakataka
67%
2 Suicune
67%
5 Terrakion
67%
5 Thundurus
67%
5 Tornadus
67%
6 Tyrantrum
67%
6 Tyrunt
67%
4 Uxie
67%
5 Virizion
67%
3 Walrein
67%
6 Xerneas
67%
7 Xurkitree
67%
6 Yveltal
67%
5 Zekrom
67%
6 Zygarde
67%
3 Anorith
58%
5 Archen
58%
5 Archeops
58%
3 Armaldo
58%
5 Audino
58%
6 Carbink
58%
5 Carracosta
58%
3 Cradily
58%
3 Groudon
58%
1 Jynx
58%
3 Kyogre
58%
3 Lileep
58%
3 Rayquaza
58%
3 Relicanth
58%
2 Smoochum
58%
4 Spiritomb
58%
5 Tirtouga
58%
3 Aggron
50%
3 Altaria
50%
3 Aron
50%
4 Gabite
50%
4 Garchomp
50%
4 Gible
50%
3 Lairon
50%
3 Swablu
50%
7 Tapu Bulu
50%
7 Tapu Fini
50%
7 Tapu Koko
50%
7 Tapu Lele
50%
3 Blaziken
42%
3 Combusken
42%
2 Crobat
42%
1 Golbat
42%
3 Grovyle
42%
3 Marshtomp
42%
3 Mudkip
42%
3 Sceptile
42%
3 Swampert
42%
3 Torchic
42%
3 Treecko
42%
1 Zubat
42%
No matching quizzes found
Score Distribution
Percent of People with Each Score
Percentile by Number Answered
Your Score History
You have not taken this quiz